Women and science making change happen

Guardado en:
Detalles Bibliográficos
Otros Autores: Colosimo, Annalisa, Degen, Brigitte, Dewandre, Nicole
Formato: Libro
Lenguaje:inglés
Publicado: Brussel European Commission 2001
Colección:General information
Materias:
Etiquetas: Agregar Etiqueta
Sin Etiquetas, Sea el primero en etiquetar este registro!

MARC

LEADER 00000nam a2200000 4500
001 c129232
005 20221124104144.0
020 |a 92-829-0529-2 
041 0 |a eng 
044 |a BE 
245 1 0 |a Women and science  |b making change happen  |c Edited by Annalisa Colosimo, Brigitte Degen and Nicole Dewandre 
264 1 |a Brussel  |b European Commission  |c 2001 
300 |a 229 s. 
490 1 |a General information 
830 0 |a General information 
610 2 0 |a veda 
610 2 0 |a výskum 
610 2 0 |a ženy 
610 2 0 |a postavenie žien 
610 2 0 |a rozhodovanie 
610 2 0 |a vzdelanie 
610 2 0 |a vzdelanie vysokoškolské 
700 1 |a Colosimo, Annalisa 
700 1 |a Degen, Brigitte 
700 1 |a Dewandre, Nicole